Sexual Harassment In Sri Lanka (Record no. 600)

MARC details
000 -LEADER
fixed length control field 005310000a22001930004500
003 - CONTROL NUMBER IDENTIFIER
control field LK-CoMWRAF
008 - FIXED-LENGTH DATA ELEMENTS--GENERAL INFORMATION
fixed length control field 230817t ||||| |||| 00| 0 eng d
020 ## - INTERNATIONAL STANDARD BOOK NUMBER
International Standard Book Number 9559052942
040 ## - CATALOGING SOURCE
Original cataloging agency LK-CoMWRAF
Modifying agency LK-CoMWRAF
Description conventions LK-CoMWRAF
041 ## - LANGUAGE CODE
Language code of text/sound track or separate title English
082 ## - DEWEY DECIMAL CLASSIFICATION NUMBER
Classification number 330
Item number CEN
942 ## - ADDED ENTRY ELEMENTS (KOHA)
Koha item type Books
100 ## - MAIN ENTRY--PERSONAL NAME
Personal name Wickramasinghe,Maithree
100 ## - MAIN ENTRY--PERSONAL NAME
Personal name Wijayatilake,Kamalini
245 ## - TITLE STATEMENT
Title Sexual Harassment In Sri Lanka
Remainder of title Women's Experiences and Policy Implications
260 ## - PUBLICATION, DISTRIBUTION, ETC. (IMPRINT)
Place of publication, distribution, etc. Sri Lanka
Name of publisher, distributor, etc. CENWOR
Date of publication, distribution, etc. 2000
300 ## - PHYSICAL DESCRIPTION
Extent p.172
490 ## - SERIES STATEMENT
Series statement Series No.19
Holdings
Withdrawn status Lost status Damaged status Not for loan Permanent Location Current Location Date acquired Full call number Barcode Koha item type
        Resource center, Muslim Women's Research And Action Forum Resource center, Muslim Women's Research And Action Forum 2023-08-17 330 CEN RAF4104 Books

Copyright © 2023 Muslim Women's Research and Action Forum (MWRAF), No 27/3, Anderson Road, Kalubowila, Dehiwela. Funded by The Asia Fundation